Countries Spanning Multiple Continents - Statistics

General Stats
  • This quiz has been taken 303 times
  • The average score is 15 of 20
Answer Stats
Continents Country % Correct
Europe, Asia Russia
99%
Asia, Europe Turkey
97%
Europe, Africa, Asia, North America, Oceania, South America United Kingdom
94%
Europe, Africa, North America, Oceania, South America France
91%
Europe, Africa Spain
90%
North America, Oceania United States
89%
Africa, Asia Egypt
86%
Asia, Oceania Indonesia
83%
Europe, North America Denmark
81%
Europe, North America Portugal
77%
Oceania, Africa, Asia Australia
74%
Europe, North America Netherlands
74%
Asia, Europe Georgia
73%
North America, South America Panama
70%
Asia, Europe Cyprus
69%
Asia, Europe Azerbaijan
64%
Asia, Europe Kazakhstan
61%
Asia, Oceania Japan
60%
Europe, Africa Norway
52%
Asia, Africa Yemen
47%
No matching quizzes found
Score Distribution
Percent of People with Each Score
Percentile by Number Answered
Your Score History
You have not taken this quiz